00240nam a2200097Ia 4500008004100000020001400041100002100055245002100076260003100097300001400128180219s9999 xx 000 0 und d a375704027 aMurakami, Haruki aNorwegian wood / aUSA :bVintage booksc2000 a296 pages